| 000 | 02367nam a22003011i 4500 | ||
|---|---|---|---|
| 003 | EG-ScBUE | ||
| 005 | 20260406101306.0 | ||
| 008 | 190723s2019 njua f b 001 0 eng d | ||
| 020 | _z9781119111184 | ||
| 035 | _a(YBP)16084603 | ||
| 040 |
_aNhCcYBP _beng _erda _cNhCcYBP _dEG-ScBUE |
||
| 082 | 0 | 4 |
_a745.400904 _222 _bCOM |
| 245 | 0 | 2 |
_aA companion to contemporary design since 1945 / _cedited by Anne Massey. |
| 264 | 1 |
_aHoboken, NJ : _bJohn Wiley & Sons, Inc., _c2019. |
|
| 300 |
_axvii, 487 pages : _billustrations ; _c24 cm. |
||
| 336 |
_atext _btxt _2rdacontent |
||
| 337 |
_acomputer _bc _2rdamedia |
||
| 338 |
_aonline resource _bcr _2rdacarrier |
||
| 490 | 1 |
_aWiley Blackwell companions to art history _v15 |
|
| 504 | _aIncludes bibliographical references and index. | ||
| 505 | 0 | _aContemporary design history / Sarah Teasley -- Nostalgia / Elizabeth Guffey -- Design futures / Damon Taylor -- Transnationalism for design history : knowledge production and decolonization through East Asian design history / Yuko Kikuchi -- African fashion design and the mobilization of tradition / Victoria L. Rovine -- Urban sights : from outdoor spaces to interior streets / Gregory Marinic -- Virtual space / Rina Arya -- Interior atmosphere / Lois Weinthal -- Home truths : identity and materiality in the postwar interior / Ben Highmore -- Design of contemporary mega events / Graeme Evans -- The vibrant object / Alexa Griffith Winton -- The consumed object / Jonathan Bean -- The object of design history : lessons for the environment / Kjetil Fallan -- The fashionable object / Christopher Breward -- The written object : design journalism, consumption and literature since 1945 / Grace Lees-Maffei -- De-stablizing the scenario of design : queer/trans/gender-neutral / John Potvin -- Luxury and design : another time, another place / Jonathan Faiers -- Amateur design / Paul Atkinson -- The professionalization of interior design / Mark Taylor and Natalie Haskell -- Design education in higher education / Vicky Gunn -- Design against consumerism / Paul Micklethwaite -- Guilty pleasures : taste, design and democracy / Malcolm Quinn. | |
| 650 | 7 |
_aDesign _xHistory _y20th century. _2BUEsh |
|
| 650 | 7 |
_aDesign _xHistory _y21st century. _2BUEsh |
|
| 653 |
_cApril2026 _bART |
||
| 655 | _vReading book | ||
| 700 | 1 |
_aMassey, Anne, _d1956- _eeditor. |
|
| 942 |
_2ddc _cBB |
||
| 999 |
_c31171 _d31142 |
||